00326 a2200109 4500001001000000005001700010008004100027245003600068100002500104773007000129999001700199ART_5094920260410161608.0260409a 10aLos bitcoins en primera persona1 aOubiña, Gabriel H.0 tProfesional & Empresariag- Año XXI, Nº 246 (mar. 2020)wREV70 c10323d10323